[Event "Klubbmesterskapet 2020 (B)"]
[Site "Ås, Viken NOR"]
[Date "2020.02.13"]
[Round "4"]
[White "Berg-Olsen, Henrik Seljeset"]
[Black "Aarsheim, Geir-Arne"]
[Result "1-0"]
[WhiteElo "1571"]
[BlackElo "1534"]
[Annotator "Lea, Per"]
[PlyCount "97"]
[EventDate "2020.01.16"]

1. c4 d5 {Originalt. Nå kan det nesten minne litt om skandinavisk, men med en
hvit bonde på e2 i stedet for c2} 2. cxd5 Nf6 3. Nc3 Nxd5 4. Nf3 Nc6 5. g3 e5 {
Til tross for svarts originale åpningstrekk har spillerne etter en
trekkomkastning kommet inn i en stilling som har forekommet nesten to tusen
ganger i ChessBase's gratisbase.} 6. Bg2 Be6 (6... Nb6 {er vanligere og gir
kun en ubetydelig fordel for hvit}) 7. O-O Be7 8. Qc2 {Ser merkelig ut, men
Sb4 er ikke noe farlig} O-O 9. Rd1 a6 10. d4 exd4 11. Nxd4 Ncb4 12. Qa4 (12.
Qd2) ({og} 12. Qe4 {holder dronninga mer sentralt}) 12... b5 13. Nxe6 bxa4 14.
Nxd8 Nxc3 15. bxc3 Nc2 (15... Rfxd8 16. Rxd8+ Rxd8 17. cxb4 Bf6 18. Rb1 Rd1+
19. Bf1 Bc3 {holder heller ikke} 20. b5 Bd2 21. bxa6) 16. Bxa8 Nxa1 17. Nc6 Bf6
18. Bb7 {Hvit har kommet ut av slagvekslingene med en løper ekstra, men det
var nok ikke så lett å regne på dette på forhånd} Bxc3 19. Bxa6 g6 20. Bh6 Re8
21. Rd8 Rxd8 22. Nxd8 Nc2 23. Bc4 Nd4 24. Nxf7 Nxe2+ 25. Bxe2 Kxf7 26. Bc1 Bb4
27. a3 Ba5 28. Bb5 Ke6 29. Bxa4 c5 30. Bb3+ Kf5 31. Bc4 g5 32. Bd3+ Kg4 33.
Bxh7 c4 34. Bc2 Be1 35. Kg2 Ba5 36. h3+ Kh5 37. Kf3 Bb6 38. Ke2 g4 39. hxg4+
Kxg4 40. Be3 Ba5 41. Bf4 Kh3 42. Kf3 c3 43. a4 Bb6 44. Bf5+ Kh2 45. g4+ Kg1 46.
Be3 Bc7 47. Bd4 c2 48. Bxc2 Kh2 49. g5 1-0

[Event "Klubbmesterskapet 2020 (B)"]
[Site "Ås, Viken NOR"]
[Date "2020.02.13"]
[Round "4"]
[White "Samset, Jon"]
[Black "Bækkevold, Kevin Charlton"]
[Result "0-1"]
[WhiteElo "1382"]
[BlackElo "1364"]
[Annotator "Lea, Per"]
[PlyCount "64"]
[EventDate "2020.01.16"]

1. e4 Nc6 2. d4 d5 3. Nc3 e6 4. Nf3 Bb4 5. Bd2 (5. e5 {er mer aktivt}) 5...
Bxc3 6. bxc3 $2 {gir fordelen over til svart} (6. Bxc3 {var naturlig. Hvis
hvit var beredt til å slå tilbake med bonden, var det mer naurlig å utvikle
løperen på f1 og rokere}) 6... dxe4 7. Ng5 Nf6 8. Bc4 h6 9. Nh3 e5 10. dxe5
Nxe5 11. Bb5+ c6 12. Be2 Bxh3 13. gxh3 Qd5 14. Rg1 {Hvit så dobbelttrusselen
etter bondeframstøt til e3} g6 ({Etter} 14... O-O-O {har hvit problemer med å
finne realistiske planer}) 15. a4 Nc4 16. Bxc4 Qxc4 17. a5 Rd8 18. Qc1 {Hvit
har kanskje lyst på svarts h-bonde?} ({Bedre er:} 18. Qe2) 18... Rd7 19. Rb1
Kd8 20. Rg3 Nd5 21. Rb3 h5 22. Bg5+ f6 23. Bd2 g5 24. Qb2 Kc8 25. Rg2 Re8 26.
Be3 Nxe3 27. fxe3 Qd5 ({Misser det elegante} 27... Rd1+ 28. Kxd1 Qf1+ 29. Kd2
Rd8#) 28. Qc1 Red8 29. Kf2 h4 (29... Qf5+ {er matt i høyst 7 trekk} 30. Ke1 Qf3
31. Re2 Rd1+ 32. Qxd1 Qh1+ 33. Kf2 Rxd1 34. Re1 Qxe1+ 35. Kg2 Rd2#) 30. Qf1
Qf5+ 31. Kg1 Qxf1+ 32. Kxf1 Rd1+ {og matt på d2 i neste trekk} 0-1

[Event "Klubbmesterskapet 2020 (B)"]
[Site "Ås, Viken NOR"]
[Date "2020.02.13"]
[Round "4"]
[White "Stensland, Martin"]
[Black "Petersen, Rune J"]
[Result "1-0"]
[WhiteElo "1274"]
[BlackElo "1191"]
[Annotator "Lea, Per"]
[PlyCount "107"]
[EventDate "2020.01.16"]

1. Nf3 d5 2. d4 Nc6 {Et litt uvanlig sted for springeren mot 1.d4: som regel
vil svart spille bonden til c6 eller c5} 3. Nc3 {Tilsvarende kommentar her!
c-bonden går ofte til c4 før springeren utvikles.} Bg4 4. Bf4 e6 5. a3 Bxf3 6.
exf3 a6 7. Qd2 Bd6 8. Bxd6 Qxd6 9. Ne2 {Hvorfor ikke sette løperen der i
stedet, og så rokere?} Nge7 10. g3 O-O 11. Bg2 Na7 12. O-O c5 13. dxc5 Qxc5 14.
b4 Qb6 15. Nc3 Nac6 {Greit få springeren tilbake fra kanten} (15... Rfc8 {var
kanskje bedre akkurat her}) 16. Na4 Qa7 17. Nc5 b6 18. Nb3 Rac8 19. a4 Ne5 20.
Nd4 Nc4 21. Qc1 Rc7 (21... Nc6 {for å bytte av hvits sentralt plasserte
springer var et godt alternativ}) 22. Bh3 Nc6 {Der kom den!} 23. Nxc6 Rxc6 {
Ved å spille Sc6 ett trekk tidligere, kunne svart spart et tempo: nå brukte
tårnet to trekk på å komme fra c8 til c6} 24. b5 Rc7 25. bxa6 Qxa6 26. Re1 Ne5
$4 {En fingerfeil?} 27. Rxe5 Rfc8 28. Ra2 b5 29. Bf1 Qd6 30. Re2 b4 31. Re3 d4
32. Rb3 e5 33. Bd3 Rc3 34. Rxc3 Rxc3 35. Qd2 Qc5 36. Qe2 b3 37. cxb3 Rxb3 38.
Rc2 Rc3 39. Qe4 g6 40. Qe2 f6 41. Qd2 Rxc2 42. Bxc2 Kg7 43. Kg2 f5 44. Bd3 Kf6
45. a5 g5 46. a6 e4 47. fxe4 fxe4 48. Bxe4 Qb6 49. Qd3 h5 50. Bh7 Qc6+ 51. Qe4
{Her spilte egentlig hvit 51.Dg6+, hvilket naturligvis er ulovlig. Dermed fikk
svart, som hadde vært nede på 10 sekunder noen trekk tidligere, 2 minutter
ekstra på tidskontoen. Og hvit kunne heldigvis for ham dekke sjakken med
dronninga på en slik måte at den var gardert. Det ville ha vært bittert om han
hadde blitt vunget til å sette den på et ugardert felt på grunn av "rørt
brikke flyttes"-regelen. Stillingen er jo klart vunnet for hvit: Stockfish
angir matt i høyst 13 trekk.} ({Bedre enn teksttrekket - for et menneske i et
praktisk parti - var allikevel} 51. Qf3+ {som framtvinger dronningbytte
hvoretter a-bonden spaserer lykkelig inn til ny dronning}) 51... Qa4 52. Qg6+
Ke5 53. Qb6 h4 54. Bd3 {Svart tapte på tid} 1-0

[Event "Klubbmesterskapet 2020 (A)"]
[Site "Ås, Viken NOR"]
[Date "2020.02.27"]
[Round "5"]
[White "Andersen, Odd"]
[Black "Lea, Per"]
[Result "1-0"]
[WhiteElo "1721"]
[BlackElo "1712"]
[PlyCount "47"]

1. d4 d5 2. Nf3 Nf6 3. c4 e6 4. e3 Nbd7 5. Nc3 c5 6. cxd5 cxd4 7. Qxd4 Bc5 8.
Qd1 Nb6 9. Bb5+ Kf8 10. dxe6 Bxe6 11. O-O Qc7 12. Qe2 a6 13. Bd3 Bg4 14. Rd1
Bd6 15. h3 Bh5 16. Bd2 Re8 17. Rac1 Qb8 18. Be1 Rg8 19. g4 g5 20. Bf5 Bg6 21.
Qd3 Bxf5 22. Qxd6+ Qxd6 23. Rxd6 Ne4 24. Rxb6 1-0

[Event "Klubbmesterskapet 2020 (A)"]
[Site "Ås, Viken NOR"]
[Date "2020.02.27"]
[Round "5"]
[White "Moberg, Jan Rune"]
[Black "Larsen, Jo Ingebrigt"]
[Result "1/2-1/2"]
[WhiteElo "1631"]
[BlackElo "1572"]
[PlyCount "68"]

1. c4 e5 2. Nc3 Nf6 3. g3 c6 4. Nf3 Qc7 5. Bg2 Be7 6. d4 d6 7. O-O Bg4 8. Be3
Nbd7 9. b4 e4 10. Ng5 d5 11. cxd5 cxd5 12. Rc1 Qb6 13. a3 h6 14. Nh3 g5 15. f4
Bxh3 16. Bxh3 g4 17. Bg2 h5 18. Qb3 Qa6 19. a4 Nb6 20. f5 Rd8 21. Bf4 O-O 22.
Rfd1 Rc8 23. Be5 Qc4 24. Qxc4 Rxc4 25. a5 Rfc8 26. axb6 Rxc3 27. Rxc3 Rxc3 28.
bxa7 Ra3 29. Bb8 Bxb4 30. Rb1 Bd2 31. Bf1 Be3+ 32. Kg2 Bxd4 33. Rxb7 e3 34. Rb3
Ra6 1/2-1/2

[Event "Klubbmesterskapet 2020 (A)"]
[Site "Ås, Viken NOR"]
[Date "2020.02.27"]
[Round "5"]
[White "Kielland-Lund, Jon"]
[Black "Johansen, Anders Sten"]
[Result "1/2-1/2"]
[WhiteElo "1712"]
[BlackElo "1810"]
[PlyCount "54"]

1. c4 e5 2. Nc3 Nf6 3. Nf3 Nc6 4. g3 g6 5. d4 exd4 6. Nxd4 Bg7 7. Nxc6 bxc6 8.
Bg2 O-O 9. O-O Re8 10. Bg5 h6 11. Be3 Rb8 12. b3 a6 13. Qd2 Kh7 14. Rad1 Bb7
15. Ba7 Ra8 16. Bd4 d6 17. Rfe1 Rb8 18. c5 d5 19. e4 dxe4 20. Nxe4 Nd5 21. Bxg7
Kxg7 22. Qb2+ f6 23. Re2 Kf7 24. Rde1 Qd7 25. Rd1 Qd8 26. Rde1 Qd7 27. Rd1 Qd8
1/2-1/2

[Event "Klubbmesterskapet 2020 (B)"]
[Site "Ås, Viken NOR"]
[Date "2020.02.27"]
[Round "5"]
[White "Olsen, Trygve"]
[Black "Simonsen, Steinar"]
[Result "0-1"]
[WhiteElo "1476"]
[BlackElo "1491"]
[PlyCount "84"]

1. d4 d5 2. Bf4 Nf6 3. h3 e6 4. Nf3 Bd6 5. Ne5 O-O 6. Bh2 Nc6 7. f4 Nd7 8. e3
Qe7 9. Be2 Bxe5 10. dxe5 Qb4+ 11. Nd2 Qxb2 12. Qb1 Qc3 13. Bd3 Nc5 14. Ke2 Nxd3
15. cxd3 d4 16. e4 Bd7 17. Rc1 Qa3 18. Nc4 Qe7 19. Qxb7 Rfc8 20. Qb2 Rab8 21.
Qa3 Qh4 22. Rf1 Qh5+ 23. Kf2 Nb4 24. Rac1 c5 25. Nd6 Rc7 26. Kg1 Rb6 27. Rf3
Ra6 28. Qb3 Rxa2 29. f5 Qg5 30. Bg3 Qxc1+ 31. Kh2 Ra1 32. Bf2 Rb1 33. Qc4 Qh1+
34. Kg3 Qc1 35. Nxf7 Qxc4 36. dxc4 Kxf7 37. f6 g6 38. Kh4 d3 39. Be3 Rb2 40.
Kg5 Rxg2+ 41. Kh6 d2 42. Bxd2 Rxd2 0-1

[Event "Klubbmesterskapet 2020 (B)"]
[Site "Ås, Viken NOR"]
[Date "2020.02.27"]
[Round "5"]
[White "Bækkevold, Kevin Charlton"]
[Black "Berg-Olsen, Henrik Seljeset"]
[Result "1-0"]
[WhiteElo "1364"]
[BlackElo "1571"]
[PlyCount "22"]

1. d4 Nf6 2. c4 e5 3. d5 Bc5 4. Bg5 Ne4 5. Be3 Bxe3 6. fxe3 Qh4+ 7. g3 Nxg3 8.
Nf3 Qh5 9. Rg1 Nf5 10. Rg5 Qh6 11. Rxf5 Qxe3 1-0

[Event "Klubbmesterskapet 2020 (B)"]
[Site "Ås, Viken NOR"]
[Date "2020.02.27"]
[Round "5"]
[White "Aarsheim, Geir-Arne"]
[Black "Heien, Aksel"]
[Result "1-0"]
[WhiteElo "1534"]
[BlackElo "1284"]
[PlyCount "123"]

1. e4 e5 2. Nf3 Nc6 3. Bb5 a6 4. Ba4 b5 5. Bb3 Nf6 6. d3 h6 7. a3 d6 8. h3 Be7
9. Nc3 b4 10. Nd5 bxa3 11. bxa3 Nd4 12. Nxd4 exd4 13. O-O O-O 14. Nxe7+ Qxe7
15. Re1 Be6 16. e5 dxe5 17. Rxe5 Qd7 18. Bf4 Bxb3 19. cxb3 Nd5 20. Bd2 f6 21.
Re4 c5 22. Rc1 Rac8 23. b4 cxb4 24. Rxc8 Rxc8 25. Rxd4 bxa3 26. Qb3 Rd8 27.
Qxa3 Qb7 28. Rg4 Kh7 29. d4 Rd7 30. Qd3+ Kh8 31. Qg6 Qc8 32. Rh4 Qg8 33. Qf5
Ra7 34. Bxh6 gxh6 35. Rxh6+ Rh7 36. Rxh7+ Qxh7 37. Qxd5 Qb1+ 38. Kh2 Qb8+ 39.
g3 Kg7 40. Qd7+ Kg6 41. Qg4+ Kf7 42. Qh5+ Ke6 43. d5+ Kd6 44. Qf5 Qf8 45. Qe6+
Kc5 46. Qxa6 Kxd5 47. Qa2+ Kc6 48. Qc4+ Kd7 49. h4 f5 50. Qd5+ Ke7 51. Qc5+ Ke8
52. Qxf8+ Kxf8 53. g4 fxg4 54. Kg3 Kg7 55. Kxg4 Kg6 56. f4 Kf6 57. h5 Kg7 58.
Kg5 Kh7 59. h6 Kg8 60. Kf6 Kh8 61. Ke7 Kg8 62. f5 1-0

[Event "Klubbmesterskapet 2020 (B)"]
[Site "Ås, Viken NOR"]
[Date "2020.02.27"]
[Round "5"]
[White "Thowsen, Alf Geir"]
[Black "Stensland, Martin"]
[Result "1/2-1/2"]
[WhiteElo "1381"]
[BlackElo "1274"]
[Annotator "Lea,Per"]
[PlyCount "100"]
[EventDate "2020.01.16"]

1. d4 d5 2. c4 dxc4 3. Nc3 Nf6 4. Nf3 c6 5. a4 a5 6. e3 Bg4 7. Bxc4 e6 8. Be2
Bd6 9. Bd2 h6 10. Rc1 O-O 11. O-O Nbd7 12. Nh4 Bxe2 13. Qxe2 Nd5 14. Nf3 N7f6
15. e4 Nf4 16. Qc4 N6h5 17. g3 Nh3+ 18. Kg2 Ng5 19. Nxg5 hxg5 20. Qe2 g6 21. e5
Bb4 22. Qe3 Be7 23. Rfd1 Ng7 24. g4 f5 25. exf6 Bxf6 26. Be1 Qc7 27. Ne4 Be7
28. Bc3 e5 29. Nxg5 Qd7 30. h3 Bxg5 31. Qxg5 Qd5+ 32. Kg1 Rxf2 $4 ({Det beste
trekket for svart er} 32... e4 {- men også da står hvit litt bedre.
Teksttrekket er et feilaktig offer og gir hvit en enkel vinststilling.}) 33.
Kxf2 Rf8+ 34. Ke2 $2 ({Etter} 34. Kg1 {har ikke svart noe angrep, f.eks.:} Qf3
35. Rd2 Qg3+ 36. Rg2 Qxh3 37. dxe5 {med tårn over for hvit}) 34... Qe4+ $1 (
34... Qg2+ {er ikke så godt som bakspillerne trodde:} 35. Kd3 b5 (35... Rf3+
36. Kc4 Qe2+ 37. Kb3 {og svart har ikke noe mer}) 36. axb5 Rf3+ 37. Kc4 Qe2+
38. Kb3 Qxb5+ 39. Kc2 Qa4+ 40. Kd2 Rf2+ 41. Ke3 {og svart slipper opp for gode
sjakker}) 35. Qe3 Qg2+ 36. Kd3 Rf3 37. Qxf3 Qxf3+ 38. Kc2 exd4 {Der forsvinner
nesten hele svarts fordel} (38... Ne6 $1 39. dxe5 Qe4+ 40. Kb3 Nc5+ 41. Ka2 Nd3
42. Rc2 Nb4+ 43. Bxb4 Qxc2 44. Rd8+ Kf7 45. Rd7+ Ke6 46. Re7+ Kd5 47. Ba3 (47.
Bxa5 Qxa4+) 47... b5 48. axb5 cxb5 49. Ra7 a4 50. Rb7 Qb3+ 51. Ka1 Kxe5 52. Rb8
{og svart bør vinne lett} (52. h4 $4 Qd1+ 53. Ka2 Qd5+ 54. Kb1 Qxb7)) 39. Bxd4
$2 (39. Rxd4 {er remis}) 39... Ne6 40. Bb6 $2 Qe2+ $2 {Svart kaster bort
vinsten nok en gang} (40... Qe4+ {vinner løperen:} 41. Rd3 (41. Kb3 Qb4+) (41.
Kc3 Qb4+) (41. Kd2 Qb4+) 41... c5 42. Kd2 Qb4+) 41. Rd2 $2 (41. Kb1 {gir hvit
remismuligheter}) 41... Qe4+ 42. Kd1 Qf3+ 43. Kc2 Qe4+ 44. Kd1 Qxa4+ 45. Rcc2
c5 46. Ke1 Qe4+ 47. Kf2 Qf4+ 48. Kg2 Qe4+ 49. Kf2 Qf4+ 50. Kg2 {med
remistilbud - som svart aksepterte. I følge Stockfish 11 står svart til klar
vinst} (50. Kg2 Nd4 {og hvit må gi en kvalitet, siden tårnet på c2 må gardere
kollegaen på d2} 51. Rxd4 cxd4 52. Rf2 Qe4+ 53. Kf1 Qc6 54. Ba7 (54. Bxd4 Qc4+)
54... d3 55. Kg1 d2 56. Rf1 (56. Rxd2 Qc1+ 57. Kg2 Qxd2+) 56... Qc2 {og hvit
må ofre tårnet på d-bonden}) (50. Ke1 Qe3+ 51. Re2 Qg1+ 52. Kd2 Nd4 {med
kvalitetsvinst og overlegen stilling}) 50... Nd4 1/2-1/2

[Event "Klubbmesterskapet 2020 (B)"]
[Site "Ås, Viken NOR"]
[Date "2020.02.27"]
[Round "5"]
[White "Mjønner, Øyvind"]
[Black "Petersen, Rune J"]
[Result "1-0"]
[WhiteElo "1094"]
[BlackElo "1191"]
[PlyCount "97"]
[EventDate "2020.01.16"]

1. d4 d5 2. e3 e6 3. Nf3 Nf6 4. Be2 Nc6 5. Nc3 Be7 6. O-O O-O 7. Bb5 Bd7 8.
Bxc6 Bxc6 9. Ne5 Bd6 10. Nxc6 bxc6 11. h3 Rb8 12. b3 c5 13. Qd3 cxd4 14. exd4
c6 15. Bg5 Be7 16. a4 Nh5 17. Bxe7 Qxe7 18. Ne2 f5 19. c4 f4 20. c5 Rf7 21.
Rab1 Rbf8 22. Qf3 Qg5 23. b4 e5 24. Rb3 e4 25. Qg4 Qxg4 26. hxg4 Ng3 27. fxg3
f3 28. gxf3 exf3 29. Nf4 g5 30. Ne6 f2+ 31. Kg2 Re8 32. Nxg5 Rg7 33. Nf3 Rxg4
34. Rxf2 a6 35. Ne5 Rxd4 36. Nxc6 Rde4 37. a5 Re2 38. Rb2 R2e4 39. b5 axb5 40.
Rxb5 d4 41. Rb4 Re2 42. Nxd4 R2e5 43. Rb5 Rd5 44. Re2 Red8 45. Nb3 h5 46. a6
Rg5 47. Re3 h4 48. a7 hxg3 49. Rb8 1-0

[Event "Klubbmesterskapet 2020 (A)"]
[Site "Ås, Viken NOR"]
[Date "2020.03.05"]
[Round "6"]
[White "Lea, Per"]
[Black "Furnes, Torstein"]
[Result "0-1"]
[WhiteElo "1712"]
[BlackElo "1766"]
[Annotator "Lea,Per"]
[PlyCount "90"]
[EventDate "2020.01.16"]

1. e4 c5 2. Nf3 Nc6 3. d4 cxd4 4. Nxd4 e5 5. Nb5 d6 6. N1c3 a6 7. Na3 b5 8. Nd5
Nf6 9. Bg5 Be7 10. Bxf6 Bxf6 11. c3 O-O 12. Nc2 Bg5 13. a4 bxa4 14. Rxa4 a5 15.
Nce3 Rb8 16. Ra2 g6 17. Bc4 Kh8 18. h4 Bxh4 19. g3 Bg5 20. f4 exf4 21. gxf4 Bf6
22. b3 Kg7 23. f5 $2 (23. Nf5+ $1 Bxf5 (23... gxf5 24. Rg2+ Bg5 (24... Kh8 25.
Rxh7+ Kxh7 26. Qh5#) 25. Qh5 Rh8 26. Qh6+ Kg8 27. Rxg5+ Qxg5 28. fxg5 f4 29.
Nf6#) 24. exf5 Bxc3+ 25. Kf1 Bf6 26. Rah2 Rh8 27. Qg4 h6 28. fxg6 fxg6 29. Rg2
Qe8 (29... g5 30. fxg5 Bxg5 31. Nf4 Rf8 32. Rxh6 Ne5 33. Rh7+ Kxh7 34. Qh5+ Kg7
35. Rxg5+) 30. Nc7) 23... Bg5 24. Rah2 Rh8 25. fxg6 $2 (25. Rg2) 25... fxg6 26.
O-O Re8 $2 27. Ng4 $2 (27. Rf7+ $1 Kxf7 28. Rxh7+ Kf8 29. Qf3+ Bf5 30. Nxf5
gxf5 31. Qxf5+ Bf6 32. Rh8+ Kf7 33. Nxf6+ Re6 34. Ng4+ Kg7 (34... Qf6 35. Qxf6#
) 35. Qh7#) 27... Bxg4 28. Qxg4 Ne5 29. Qe2 Qc8 30. Bb5 Qc5+ 31. Kh1 Qxb5 32.
Qxb5 Rxb5 33. Nc7 Rbb8 34. Nxe8+ Rxe8 35. Ra2 Rc8 36. c4 Rb8 37. Rxa5 Rxb3 38.
Ra7+ Kh6 39. Rf8 Be3 40. Ra2 Rb1+ 41. Kh2 Kg5 42. Rc8 Kh4 43. Re2 Bd4 44. Rc7
h5 45. Rc8 Rg1 $1 0-1

[Event "Klubbmesterskapet 2020 (A)"]
[Site "Ås, Viken NOR"]
[Date "2020.03.05"]
[Round "6"]
[White "Johansen, Anders Sten"]
[Black "Rønbeck, Bjørn"]
[Result "1/2-1/2"]
[WhiteElo "1810"]
[BlackElo "1585"]
[PlyCount "60"]
[EventDate "2020.01.16"]

1. e4 e5 2. Nc3 Nf6 3. Bc4 Be7 4. d3 O-O 5. f4 Nc6 6. Nf3 d6 7. O-O Bg4 8. h3
Bh5 9. Nd5 Bxf3 10. Qxf3 Nxd5 11. Bxd5 Nd4 12. Qd1 c6 13. Bb3 Nxb3 14. axb3 a6
15. f5 d5 16. Qg4 Kh8 17. Be3 d4 18. Bd2 Rg8 19. Qh5 Rc8 20. Qxf7 Rc7 21. Qh5
c5 22. g4 Rc6 23. g5 g6 24. fxg6 Rcxg6 25. Qf3 Bxg5 26. Bxg5 Qxg5+ 27. Kh1 Qg2+
28. Qxg2 Rxg2 29. Rae1 R2g3 30. Kh2 Rg2+ 1/2-1/2

[Event "Klubbmesterskapet 2020 (A)"]
[Site "Ås, Viken NOR"]
[Date "2020.03.05"]
[Round "6"]
[White "Andersen, Odd"]
[Black "Moberg, Jan Rune"]
[WhiteElo "1721"]
[BlackElo "1631"]
[Result "1-0"]
[PlyCount "77"]
[EventDate "2020.01.16"]

1. e4 e5 2. Nf3 Nc6 3. Bb5 a6 4. Ba4 b5 5. Bb3 Na5 6. d3 Nxb3 7. axb3 d6 8. h3
Be7 9. O-O Nf6 10. Re1 Bb7 11. Nbd2 c6 12. Nf1 O-O 13. Ng3 Re8 14. Bg5 h6 15.
Be3 Bf8 16. Nf5 Kh7 17. g4 g6 18. Ng3 d5 19. g5 Ng8 20. gxh6 Bxh6 21. Bxh6 Nxh6
22. exd5 Qxd5 23. Ng5+ Kg7 24. Qf3 c5 25. Qxd5 Bxd5 26. N3e4 c4 27. bxc4 bxc4
28. dxc4 Bxe4 29. Nxe4 Nf5 30. c3 Reb8 31. b4 Rc8 32. c5 Rc6 33. b5 Re6 34.
Red1 Ree8 35. b6 Ne7 36. Rd6 a5 37. c6 Ra6 38. c7 Nc8 39. Rd8 1-0

[Event "Klubbmesterskapet 2020 (B)"]
[Site "Ås, Viken NOR"]
[Date "2020.03.05"]
[Round "6"]
[White "Bækkevold, Kevin Charlton"]
[Black "Olsen, Trygve"]
[WhiteElo "1364"]
[BlackElo "1476"]
[Result "0-1"]
[PlyCount "42"]
[EventDate "2020.01.16"]

1. d4 c6 2. c4 d6 3. Bf4 e6 4. Nf3 Nf6 5. Nc3 Nh5 6. Qd2 Nxf4 7. Qxf4 Be7 8. e4
O-O 9. Be2 f5 10. e5 d5 11. c5 g5 12. Nxg5 Bxg5 13. Qg3 Kh8 14. f4 Bh4 15. Qxh4
Qxh4+ 16. g3 Qh6 17. Kf2 Rg8 18. Rag1 Bd7 19. h3 Na6 20. g4 Qxf4+ 21. Ke1 Nb4
0-1

[Event "Klubbmesterskapet 2020 (B)"]
[Site "Ås, Viken NOR"]
[Date "2020.03.05"]
[Round "6"]
[White "Simonsen, Steinar"]
[Black "Aarsheim, Geir Arne"]
[Result "1/2-1/2"]
[WhiteElo "1491"]
[BlackElo "1534"]
[Annotator "Lea,Per"]
[PlyCount "94"]
[EventDate "2020.01.16"]

1. e4 d5 2. exd5 Nf6 3. c4 c6 4. dxc6 e5 5. Nf3 Nxc6 6. d3 Bc5 7. Be2 O-O 8.
O-O h6 9. Nc3 Re8 10. a3 a6 11. b4 Bb6 12. c5 Bc7 13. Qc2 Nd4 14. Nxd4 exd4 15.
Ne4 Nxe4 16. dxe4 Qh4 {Med remistilbud, som hvit avslo. Stockfish 11 gir hvit
en fordel tilsvarende ca. 2,5 bønder.} 17. f4 Bd7 18. Qd3 Bb5 19. Qf3 Bxe2 20.
Qxe2 Rad8 21. Qd3 Qe7 22. e5 f6 23. exf6 Qxf6 24. Ra2 Re7 25. Raf2 Rde8 26. Bd2
Rd8 27. Rf3 Kh8 28. Re1 Rxe1+ 29. Bxe1 Bxf4 30. Bf2 Qg5 31. Qe4 Be3 32. Bxe3
dxe3 33. Rxe3 Rd1+ 34. Re1 Qd2 35. Kf1 Rxe1+ 36. Qxe1 Qd3+ 37. Kf2 Qd4+ 38. Qe3
Qb2+ 39. Kg3 Qc2 40. Qe8+ Kh7 41. Qe3 Qg6+ 42. Kf3 Qf6+ 43. Ke2 Qb2+ 44. Kf3
Qf6+ 45. Ke2 Qb2+ 46. Qd2 Qe5+ 47. Qe3 Qb2+ 1/2-1/2

[Event "Klubbmesterskapet 2020 (B)"]
[Site "Ås, Viken NOR"]
[Date "2020.03.05"]
[Round "6"]
[White "Samset, Jon"]
[Black "Thowsen, Alf Geir"]
[WhiteElo "1382"]
[BlackElo "1381"]
[Result "0-1"]
[PlyCount "24"]
[EventDate "2020.01.16"]

1. e4 e6 2. d4 d5 3. e5 c5 4. Bb5+ Bd7 5. Nc3 Bxb5 6. Nxb5 Qa5+ 7. Nc3 cxd4 8.
Qxd4 Nc6 9. Qe3 d4 10. Qg3 dxc3 11. bxc3 Qxe5+ 12. Be3 Qxc3+ 0-1

[Event "Klubbmesterskapet 2020 (B)"]
[Site "Ås, Viken NOR"]
[Date "2020.03.05"]
[Round "6"]
[White "Berg-Olsen, Henrik Seljeset"]
[Black "Bakkerud, Balder Jonsson"]
[Result "0-1"]
[WhiteElo "1571"]
[BlackElo "1227"]
[PlyCount "96"]
[EventDate "2020.01.16"]

1. c4 Nf6 2. Nc3 c5 3. a3 Nc6 4. Rb1 d5 5. cxd5 Nxd5 6. Qc2 e5 7. g3 Nc7 8. Bg2
Be7 9. Ne4 Bf5 10. d3 Nd4 11. Qd1 Rc8 12. Nf3 Bxe4 13. dxe4 Nxf3+ 14. Bxf3
Qxd1+ 15. Kxd1 Ne6 16. e3 O-O 17. Ke2 Rfd8 18. Rd1 Rxd1 19. Kxd1 Rd8+ 20. Ke2
c4 21. Bd2 Rd3 22. Rd1 Rb3 23. Bc3 Bxa3 24. Rd2 Bb4 25. Bxb4 Rxb4 26. Kd1 Rb3
27. Kc2 f6 28. Rd7 Nc5 29. Be2 Rxb2+ 30. Kxb2 Nxd7 31. Bxc4+ Kf8 32. Kc3 Ke7
33. Kb4 Kd6 34. Bd5 b6 35. f4 Nc5 36. Kb5 f5 37. Bg8 h6 38. exf5 Nd7 39. g4 Nf6
40. fxe5+ Kxe5 41. Be6 Nxg4 42. h3 Nxe3 43. Ka6 Nxf5 44. Bd7 Nd6 45. Kxa7 b5
46. Kb6 b4 47. Ba4 Kd4 48. Kc6 Nc4 0-1

[Event "Klubbmesterskapet 2020 (B)"]
[Site "Ås, Viken NOR"]
[Date "2020.03.05"]
[Round "6"]
[White "Heien, Aksel"]
[Black "Skaret, Runar"]
[WhiteElo "1284"]
[BlackElo "1265"]
[Result "1-0"]
[PlyCount "43"]
[EventDate "2020.01.16"]

1. e4 e6 2. Nc3 d5 3. d4 Bd7 4. exd5 exd5 5. Nxd5 Be6 6. Nc3 Bd6 7. Qe2 c6 8.
Nf3 h6 9. Ne5 Ne7 10. Be3 Nd7 11. O-O-O Bb4 12. Ne4 Bxa2 13. c3 Bb3 14. cxb4
Bxd1 15. Nd6+ Kf8 16. Qxd1 Qc7 17. Nexf7 Rh7 18. Qf3 Kg8 19. Bc4 Nd5 20. Kb1
Rf8 21. Bxd5 Qxd6 22. Nxd6+ 1-0

[Event "Høstturneringen 2019"]
[Site "Ås, Akershus NOR"]
[Date "2019.08.29"]
[Round "1"]
[White "Olsen, Trygve"]
[Black "Furnes, Torstein"]
[Result "0-1"]
[WhiteElo "1498"]
[BlackElo "1789"]
[Annotator "Furnes, Torstein"]
[PlyCount "67"]
[EventDate "2019.08.29"]

1. f4 d5 2. c4 d4 3. d3 c5 4. Nd2 Nf6 5. Nb3 e6 6. Nf3 Bd6 7. e3 dxe3 8. Bxe3
b6 9. Be2 Bb7 10. O-O O-O 11. a4 Qc7 12. Ng5 h6 13. Nh3 Nbd7 14. d4 Rfd8 15.
Qe1 Rac8 16. Qh4 Be4 17. Nf2 Bc2 18. Nd2 cxd4 19. Bxd4 Bxf4 20. Nf3 Bf5 21. Nh3
Bd6 22. Be3 Ng4 23. Bf2 Bxh2+ 24. Kh1 Nxf2+ (24... Ndf6 {med planen Se4 er
sterkere.}) 25. Nxf2 Bg3 26. Qe7 Nc5 27. Qxc7 Rxc7 28. Kg1 Rcd7 29. b4 Bxf2+
30. Kxf2 Nd3+ 31. Ke3 Nxb4 32. Rad1 Rxd1 33. Bxd1 Bd3 34. Rf2 0-1